[Event "IECC CL3-2007.09 email"]
[Site "IECC email"]
[Date "2007.08.13"]
[Round "?"]
[White "Umarov, Murat"]
[Black "Obando, Daniel"]
[Result "1-0"]
[WhiteElo "1824"]
[BlackElo "1860"]
[PlyCount "113"]
[EventDate "2007.??.??"]
[EventType "tourn (corr)"]
[EventRounds "4"]
[SourceTitle "Corr 2015"]
[Source "ChessBase"]
[SourceDate "2015.07.17"]
[SourceVersion "1"]
[SourceVersionDate "2015.07.17"]
[SourceQuality "1"]

1. d4 d5 2. Nf3 Nf6 3. c4 e6 4. g3 Be7 5. Bg2 0-0 6. 0-0 Nbd7 7. Qc2 c6 8. b3 c5 9. cxd5 Nxd5 10. Nc3 Nb4 11. Qb1 cxd4 12. Nxd4 Nf6 13. Rd1 Qc7 14. Ndb5 Qe5 15. Bf4 Qh5 16. Bd6 Bxd6 17. Nxd6 Nc6 18. Qb2 e5 19. Rac1 Bh3 20. Bxc6 bxc6 21. Qa3 Be6 22. Qc5 Bd5 23. e4 Nd7 24. Qe3 Be6 25. Rd3 f5 26. exf5 Bxf5 27. Nce4 Bxe4 28. Nxe4 Nf6 29. Nxf6+ Rxf6 30. Rc5 Rh6 31. h4 Re6 32. Rd7 Qg4 33. Ra5 a6 34. Qd3 Ree8 35. Rc5 Rac8 36. Rd6 e4 37. Qc4+ Kh8 38. Rcxc6 Rxc6 39. Qxc6 Rf8 40. Qc5 Qe2 41. Rxa6 Qd1+ 42. Kh2 Qf3 43. Rd6 h6 44. Kg1 Kh7 45. Rd7 Qf6 46. a4 Re8 47. Qd4 Qg6 48. h5 Qg5 49. Rd5 Qg4 50. b4 Qe2 51. Rd7 Qg4 52. a5 Rc8 53. Rf7 Rc1+ 54. Kg2 Kg8 55. Qd5 Qd1 56. Qxd1 Rxd1 57. Re7 1-0

[Event "IECC CL4-2007.02 email"]
[Site "IECC email"]
[Date "2007.02.17"]
[Round "?"]
[White "Bertel, Michael"]
[Black "Umarov, Murat"]
[Result "1/2-1/2"]
[WhiteElo "1794"]
[BlackElo "1802"]
[PlyCount "100"]
[EventDate "2007.??.??"]
[EventType "tourn (corr)"]
[EventRounds "4"]
[SourceTitle "Corr 2011"]
[Source "ChessBase"]
[SourceDate "2010.08.31"]
[SourceVersion "1"]
[SourceVersionDate "2010.08.31"]
[SourceQuality "1"]
[WhiteTeam "Italy"]
[BlackTeam "Chile"]
[WhiteTeamCountry "ITA"]
[BlackTeamCountry "CHI"]

1. e4 c6 2. d4 d5 3. Nc3 dxe4 4. Nxe4 Bf5 5. Bd3 Qxd4 6. Nf3 Qd8 7. 0-0 Bxe4 8. Bxe4 Qxd1 9. Rxd1 Nf6 10. Bd3 Nbd7 11. Bf4 e6 12. c4 Bc5 13. a3 0-0 14. b4 Bb6 15. c5 Bd8 16. Bd6 Re8 17. b5 Be7 18. bxc6 bxc6 19. Rac1 Bxd6 20. cxd6 c5 21. Nd2 Red8 22. Ne4 Rab8 23. Nxf6+ Nxf6 24. Bf1 Nd5 25. Rxc5 Rxd6 26. Rc7 Nxc7 27. Rxd6 Kf8 28. Rd7 Rc8 29. Bd3 Ke8 30. Rd8+ Rxd8 31. Be2 Rd1+ 32. Bxd1 Ke7 33. Bc2 Nb5 34. a4 Nd4 35. Bd3 e5 36. f3 f5 37. Kf2 Kd6 38. g4 fxg4 39. fxg4 g6 40. h4 Kd5 41. Bb1 Ne6 42. Ba2+ Kd6 43. g5 a5 44. Kf3 Nc5 45. Bg8 Ke7 46. Bxh7 Kf7 47. h5 gxh5 48. Bc2 Kg7 49. Kg3 e4 50. Bd1 Kh7 1/2-1/2

[Event "IECC CL4-2006.09 email"]
[Site "IECC email"]
[Date "2006.08.16"]
[Round "?"]
[White "Mullen, John"]
[Black "Umarov, Murat"]
[Result "1/2-1/2"]
[WhiteElo "1791"]
[BlackElo "1786"]
[PlyCount "77"]
[EventDate "2006.??.??"]
[EventType "tourn (corr)"]
[EventRounds "4"]
[SourceTitle "Corr 2008"]
[Source "ChessBase"]
[SourceDate "2008.06.24"]
[SourceVersion "1"]
[SourceVersionDate "2008.06.24"]
[SourceQuality "1"]

1. e4 e5 2. Nf3 Nc6 3. Bb5 a6 4. Ba4 Nf6 5. 0-0 d6 6. Re1 b5 7. Bb3 Be7 8. c3 0-0 9. h3 Na5 10. Bc2 c5 11. d4 Qc7 12. Nbd2 Re8 13. Nf1 Nc4 14. b3 Nb6 15. Ng3 Bd7 16. Be3 a5 17. Rc1 a4 18. Nd2 axb3 19. axb3 Rec8 20. d5 Ra2 21. Ra1 Rxa1 22. Qxa1 Ra8 23. Qb2 Qa7 24. Bd3 Qa2 25. Qxa2 Rxa2 26. c4 b4 27. f4 g6 28. fxe5 dxe5 29. Rf1 Bc8 30. Ne2 Kg7 31. Kf2 Ra3 32. Ng1 Na4 33. Rc1 h6 34. Bc2 Nc3 35. Ne2 Ra2 36. Kf1 Nxe2 37. Kxe2 g5 38. Bb1 Ra3 39. Rh1 1/2-1/2

[Event "IECC CL4-2006.02 email"]
[Site "IECC email"]
[Date "2006.02.04"]
[Round "?"]
[White "Umarov, Murat"]
[Black "Schibuola, Francesco"]
[Result "1/2-1/2"]
[WhiteElo "1720"]
[BlackElo "1666"]
[PlyCount "62"]
[EventDate "2006.??.??"]
[EventType "tourn (corr)"]
[EventRounds "4"]
[SourceTitle "Corr 2015"]
[Source "ChessBase"]
[SourceDate "2015.07.17"]
[SourceVersion "1"]
[SourceVersionDate "2015.07.17"]
[SourceQuality "1"]

1. d4 e6 2. e4 d5 3. Nc3 dxe4 4. Nxe4 Nd7 5. Nf3 Ngf6 6. Nxf6+ Nxf6 7. Bd3 c5 8. 0-0 cxd4 9. Nxd4 Bc5 10. Nb3 Bd6 11. Qf3 Qc7 12. h3 Bd7 13. Nd4 0-0 14. c3 Rfd8 15. Bg5 Be5 16. Qe3 h6 17. Nf3 hxg5 18. Nxe5 Nd5 19. Qe4 f5 20. Qe1 Nf4 21. g3 Nxd3 22. Nxd3 Rac8 23. Rd1 Qb6 24. Ne5 Bb5 25. Rxd8+ Qxd8 26. c4 Bc6 27. Qe3 b6 28. b3 Be4 29. Nf3 Bxf3 30. Qxf3 Qe7 31. Rd1 Kf7 1/2-1/2